Statistics for Weekdays in Portuguese

Click here to take the quiz!

General Stats

  • This quiz has been taken 33 times
  • The average score is 5 of 7

Answer Stats

HintAnswer% Correct
DSundayDomingo
95%
DMondaySegunda
90%
DSaturdaySábado
85%
DFridaySexta-feira
75%
DTuesdayTerça-feira
70%
DWednesdayQuarta-feira
65%
DThursdayQuinta-feira
60%

Score Distribution

Percentile by Number Answered

Percent of People with Each Score

Your Score History

You have not taken this quiz